Science Trivia - Statistics

General Stats
  • This quiz has been taken 852 times
  • The average score is 6 of 10
Answer Stats
Hint Answer % Correct
Which has more pressure, an artery or a vein? Artery
99%
What wave has a higher frequency than x-rays? Gamma Rays
82%
Which cells have cytoplasms, plant, animal, or both? Both
78%
What reaction occurs in the centre of the sun? Nuclear Fusion
68%
What kind of rock is limestone? Sedimentary
67%
Where in the body would I find the patella? The Knee
66%
In Freud’s model of the psyche are the Id, Ego and the ...? Superego
45%
Whom would you associate the number 6.02*10^23? Amedeo Avogadro
43%
Out of the Alkali metals, which is the heaviest? Francium
24%
In an electrical circuit, current is measured in which units? Coulombs per Second
1%
No matching quizzes found
Score Distribution
Percent of People with Each Score
Percentile by Number Answered
Your Score History
You have not taken this quiz